000 00330nam a2200145Ia 4500
008 090124s9999 xx 000 0 und d
082 _b301923
245 _a बेरड
250 _a1
260 _bसाठे माया
_c1987
300 _a196
630 _a बेरड
730 _a बेरड
942 _cBOOK
999 _c191525
_d191525